LEADER 01091nam0-22003131i-450- 001 990002051030403321 005 20021010 035 $a000205103 035 $aFED01000205103 035 $a(Aleph)000205103FED01 035 $a000205103 100 $a20021010d--------km-y0itay50------ba 101 0 $aita 200 1 $aConferencia Latino - Americana de florestas e produtos florestais. Teresopolis (estado do Rio de Janeiro).Relatorio. Junho de 1948$fF.A.O. 210 $aRio de Janeiro$cF.A.O.$d1948 215 $a88 p.$d23 cm 610 0 $aCongressi Vari 610 0 $aFloricoltura Congressi 676 $a635.9 702 1$aFAO 710 12$aCONFERENCIA LATINO - AMERICANA de FLORESTAS e PRODUTOS FLORESTAIS. Teresopolis, 1948$0360793 801 0$aIT$bUNINA$gRICA$2UNIMARC 901 $aBK 912 $a990002051030403321 952 $a61 VII A.3/26$b6827 (18/3/98)$fDAGEN 959 $aDAGEN 996 $aConferencia Latino - Americana de florestas e produtos florestais. Teresopolis (estado do Rio de Janeiro).Relatorio. Junho de 1948$9406743 997 $aUNINA DB $aING01 LEADER 02110oam 2200637M 450 001 9910716137103321 005 20200213070929.9 035 $a(CKB)5470000002518746 035 $a(OCoLC)1065612763 035 $a(OCoLC)995470000002518746 035 $a(EXLCZ)995470000002518746 100 $a20071213d1926 ua 0 101 0 $aeng 135 $aurcn||||||||| 181 $ctxt$2rdacontent 182 $cc$2rdamedia 183 $acr$2rdacarrier 200 10$aAddison B. McKinley. March 25, 1926. -- Ordered to be printed 210 1$a[Washington, D.C.] :$c[U.S. Government Printing Office],$d1926. 215 $a1 online resource (6 pages) 225 1 $aSenate report / 69th Congress, 1st session. Senate ;$vno. 472 225 1 $a[United States congressional serial set ] ;$v[serial no. 8527] 300 $aMinority report, p. 6. 300 $aBatch processed record: Metadata reviewed, not verified. Some fields updated by batch processes. 300 $aFDLP item number not assigned. 606 $aAircraft accidents 606 $aAeronautics$xSafety measures 606 $aClaims 606 $aMalicious mischief 606 $aVandalism 606 $aGovernment aircraft 606 $aGovernment liability 606 $aLegislative amendments 606 $aNegligence 608 $aLegislative materials.$2lcgft 615 0$aAircraft accidents. 615 0$aAeronautics$xSafety measures. 615 0$aClaims. 615 0$aMalicious mischief. 615 0$aVandalism. 615 0$aGovernment aircraft. 615 0$aGovernment liability. 615 0$aLegislative amendments. 615 0$aNegligence. 701 $aBayard$b Thomas F$g(Thomas Francis),$f1868-1942$pDemocrat (DE)$01386175 701 $aStanfield$b Robert Nelson$f1877-1945$pRepublican (OR)$01386179 801 0$bWYU 801 1$bWYU 801 2$bOCLCO 801 2$bOCLCQ 801 2$bOCLCO 801 2$bOCLCQ 906 $aBOOK 912 $a9910716137103321 996 $aAddison B. McKinley. March 25, 1926. -- Ordered to be printed$93501927 997 $aUNINA